Cáncer (Record no. 125699)

MARC details
000 -LEADER
campo de control de longitud fija 00677nam a2200181 4500
001 - NÚMERO DE CONTROL
campo de control 125699
003 - IDENTIFICADOR DE NÚMERO DE CONTROL
campo de control ES-MaACL
005 - FECHA Y HORA DE LA ÚLTIMA TRANSACCIÓN
campo de control 20230906192701.0
007 - CAMPO FIJO DE DESCRIPCIÓN FÍSICA--INFORMACIÓN GENERAL
campo de control de longitud fija t|
008 - DATOS DE LONGITUD FIJA--INFORMACIÓN GENERAL
campo de control de longitud fija 070214s1951 mx r ||||1| spa d
100 1# - ENTRADA PRINCIPAL--NOMBRE DE PERSONA
Nombre de persona Regato, Juan A. del.
9 (RLIN) 95878
245 10 - MENCIÓN DEL TÍTULO
Título Cáncer
Resto del título : diagnóstico, tratamiento y pronóstico /
Mención de responsabilidad, etc. por Juan A. del Regato ; Lauren V. Ackerman ; traducción al castellano por Oscar G. Carrera.
260 ## - PUBLICACIÓN, DISTRIBUCIÓN, ETC.
Lugar de publicación, distribución, etc. México :
Nombre del editor, distribuidor, etc. Unión Tipográfica Editorial Hispano-Americana,
Fecha de publicación, distribución, etc. 1951.
300 ## - DESCRIPCIÓN FÍSICA
Extensión XV, 1121 p., 8 lám. col. :
Otras características físicas il. ;
Dimensiones 25 cm.
700 1# - ENTRADA AGREGADA--NOMBRE PERSONAL
Nombre de persona Ackerman, Lauren V.
9 (RLIN) 18277
700 1# - ENTRADA AGREGADA--NOMBRE PERSONAL
Nombre de persona Carrera, Oscar G.
9 (RLIN) 35633
852 ## - LOCALIZACIÓN
Ubicación ES-MaACL
Número de control de estantería D-6885
Sublocalización o colección R.31722
Holdings
Estatus retirado Estado de pérdida Estado de daño No para préstamo Biblioteca de origen Biblioteca actual Ubicación en estantería Fecha de adquisición Fuente de adquisición Total de préstamos Signatura topográfica completa Código de barras Visto por última vez Precio de reemplazo Tipo de ítem Koha
        Biblioteca del Ateneo de Madrid Biblioteca del Ateneo de Madrid Sala Valle Inclán 17/01/2008     D-6885 901130941 23/02/2023 23/02/2023 Libro impreso